[Event "Unterfranken-ch HT 61th"]
[Site "Kitzingen"]
[Date "2010.04.07"]
[Round "4"]
[White "Falkenstein, Johannes"]
[Black "Schaefer, Dietmar"]
[Result "1/2-1/2"]
[WhiteElo "1532"]
[BlackElo "1610"]
[PlyCount "33"]
[EventDate "2010.04.05"]
[EventType "swiss"]
[EventRounds "9"]
[EventCountry "GER"]
[SourceTitle "EXT 2015"]
[Source "ChessBase"]
[SourceDate "2014.11.20"]
[SourceVersion "1"]
[SourceVersionDate "2014.11.20"]
[SourceQuality "1"]

1. d4 d5 2. Bf4 Nf6 3. e3 Bg4 4. Nf3 e6 5. Bd3 c5 6. c3 Nc6 7. h3 Bh5 8. Nbd2 Bd6 9. Bxd6 Qxd6 10. 0-0 0-0 11. Re1 a6 12. dxc5 Qxc5 13. e4 dxe4 14. Nxe4 Nxe4 15. Bxe4 Rad8 16. Qe2 Bxf3 17. Bxf3 1/2-1/2

[Event "Unterfranken-ch HA 58th"]
[Site "Wuerzburg"]
[Date "2007.04.14"]
[Round "9"]
[White "Schaefer, Dietmar"]
[Black "Hobert, Markus"]
[Result "1-0"]
[WhiteElo "1568"]
[BlackElo "1646"]
[PlyCount "123"]
[EventDate "2007.04.09"]
[EventType "swiss"]
[EventRounds "9"]
[EventCountry "GER"]
[SourceTitle "EXT 2015"]
[Source "ChessBase"]
[SourceDate "2014.11.20"]
[SourceVersion "1"]
[SourceVersionDate "2014.11.20"]
[SourceQuality "1"]

1. d4 d5 2. Nf3 Nf6 3. e3 Bf5 4. c4 e6 5. Nc3 Be7 6. Be2 dxc4 7. Bxc4 0-0 8. 0-0 Nbd7 9. Qb3 Nb6 10. Be2 c6 11. Bd2 Qc7 12. h3 Rfd8 13. Rfc1 Rac8 14. Ne5 Bd6 15. Nb5 Qb8 16. Nxd6 Qxd6 17. Ba5 Nfd5 18. Nc4 Qe7 19. Nxb6 axb6 20. Bxb6 Nxb6 21. Qxb6 e5 22. dxe5 Rd2 23. Bg4 Bxg4 24. hxg4 Qh4 25. Rf1 Re8 26. Rad1 Qd8 27. Qxd8 Rexd8 28. Rxd2 Rxd2 29. Rb1 Kf8 30. Kf1 Ke7 31. f4 Ke6 32. e4 Rd4 33. Re1 h6 34. Re2 g5 35. g3 c5 36. a3 b5 37. Kf2 Rd3 38. Rc2 c4 39. Re2 Rb3 40. Rd2 Ke7 41. f5 c3 42. bxc3 Rxc3 43. Rb2 Rc5 44. a4 bxa4 45. Rb7+ Ke8 46. Ra7 Rc2+ 47. Ke3 Rc3+ 48. Kd4 Rxg3 49. e6 fxe6 50. f6 a3 51. Ke5 Rxg4 52. Kxe6 Rxe4+ 53. Kf5 Rf4+ 54. Kg6 a2 55. Rxa2 Re4 56. Ra7 Kf8 57. Rh7 Ke8 58. Rh8+ Kd7 59. Rh7+ Kd8 60. f7 Rf4 61. Rh8+ Ke7 62. Re8+ 1-0

[Event "Unterfranken-ch HA 58th"]
[Site "Wuerzburg"]
[Date "2007.04.13"]
[Round "8"]
[White "Schaefer, Dietmar"]
[Black "Riess, Daniel"]
[Result "1-0"]
[WhiteElo "1568"]
[BlackElo "1320"]
[PlyCount "143"]
[EventDate "2007.04.09"]
[EventType "swiss"]
[EventRounds "9"]
[EventCountry "GER"]
[SourceTitle "EXT 2015"]
[Source "ChessBase"]
[SourceDate "2014.11.20"]
[SourceVersion "1"]
[SourceVersionDate "2014.11.20"]
[SourceQuality "1"]

1. d4 f5 2. Nf3 Nf6 3. c4 e6 4. Nc3 d5 5. Bf4 a6 6. e3 c6 7. a4 Nbd7 8. Bd3 Bb4 9. Qb3 a5 10. 0-0 0-0 11. Ne5 Bd6 12. Nxd7 Qxd7 13. Bxd6 Qxd6 14. cxd5 cxd5 15. Nb5 Qd8 16. Rac1 Bd7 17. Rc3 Rc8 18. Rfc1 Rxc3 19. Rxc3 Qb8 20. h3 Ne4 21. Bxe4 dxe4 22. Nc7 Rf6 23. Qb6 Bxa4 24. Qxa5 Bd7 25. Qe5 Qa7 26. Ra3 Qb6 27. Ra8+ Rf8 28. Rxf8+ Kxf8 29. d5 exd5 30. Nxd5 Qe6 31. Qb8+ Be8 32. Qxb7 Bc6 33. Qb8+ Qe8 34. Qxe8+ Kxe8 35. Nc3 g5 36. Kf1 Kd7 37. Ke2 Kd6 38. Kd2 Kc5 39. Kc2 f4 40. g3 Bd7 41. Nxe4+ Kc4 42. Nxg5 f3 43. Nxf3 Bxh3 44. Ne5+ Kd5 45. f4 Ke4 46. Kd2 Kf5 47. Ke2 Ke4 48. g4 h6 49. b4 Kd5 50. Kf3 Kd6 51. Nf7+ Kc6 52. Nxh6 Kb5 53. g5 Be6 54. g6 Kxb4 55. g7 Kc5 56. g8Q Bd5+ 57. Kf2 Bxg8 58. Nxg8 Kd6 59. Kf3 Ke6 60. e4 Kf7 61. Nh6+ Kg6 62. Ng4 Kf7 63. f5 Ke7 64. Kf4 Kf7 65. e5 Ke7 66. f6+ Ke6 67. Nh6 Kd7 68. Kf5 Ke8 69. e6 Kf8 70. e7+ Ke8 71. Kg6 Kd7 72. Kg7 1-0